[Event "Mecklenburg VP LL1 0506"]
[Site "Mecklenburg VP"]
[Date "2006.01.15"]
[Round "5.2"]
[White "Bauer, Norbert"]
[Black "Onasch, Paul"]
[Result "1/2-1/2"]
[WhiteElo "2054"]
[BlackElo "1805"]
[PlyCount "84"]
[EventDate "2005.10.23"]
[EventType "team"]
[EventRounds "9"]
[EventCountry "GER"]
[SourceTitle "EXT 2008"]
[Source "ChessBase"]
[SourceDate "2007.11.25"]
[SourceVersion "1"]
[SourceVersionDate "2007.11.25"]
[SourceQuality "1"]
[WhiteTeam "Torgelow"]
[BlackTeam "Wolgast Motor"]
[WhiteTeamCountry "GER"]
[BlackTeamCountry "GER"]

1. e4 d5 2. exd5 Qxd5 3. Nc3 Qa5 4. d4 c6 5. Nf3 Bf5 6. Bc4 e6 7. Bd2 Qc7 8. Nh4 Bg6 9. Nxg6 hxg6 10. Qe2 Nf6 11. 0-0-0 Nbd7 12. g3 0-0-0 13. Bb3 Nb6 14. Bf4 Bd6 15. Be5 Nbd5 16. Na4 Bxe5 17. dxe5 Nd7 18. f4 Qa5 19. c4 b5 20. cxb5 cxb5 21. Bxd5 Qxa4 22. Bb3 Qb4 23. Kb1 Kb8 24. Qd2 Qxd2 25. Rxd2 Nc5 26. Rxd8+ Rxd8 27. Rd1 Rh8 28. h4 Nxb3 29. axb3 Kc7 30. b4 Re8 31. Kc2 Ra8 32. Kb3 Rb8 33. Rd6 Rb6 34. Rxb6 Kxb6 35. Kc3 a5 36. bxa5+ Kxa5 37. g4 Kb6 38. g5 Kc5 39. b4+ Kd5 40. Kd3 Kc6 41. Kd4 Kb6 42. Kd3 Kb7 1/2-1/2

[Event "Mecklenburg VP LL1 0506"]
[Site "Mecklenburg VP"]
[Date "2005.12.11"]
[Round "4.2"]
[White "Onasch, Paul"]
[Black "Schwarz, Eckhard"]
[Result "1/2-1/2"]
[WhiteElo "1805"]
[BlackElo "1915"]
[PlyCount "62"]
[EventDate "2005.10.23"]
[EventType "team"]
[EventRounds "9"]
[EventCountry "GER"]
[SourceTitle "EXT 2008"]
[Source "ChessBase"]
[SourceDate "2007.11.25"]
[SourceVersion "1"]
[SourceVersionDate "2007.11.25"]
[SourceQuality "1"]
[WhiteTeam "Wolgast Motor"]
[BlackTeam "Saal Waterkant"]
[WhiteTeamCountry "GER"]
[BlackTeamCountry "GER"]

1. d4 d5 2. Nf3 Nf6 3. e3 e6 4. Bd3 c5 5. c3 Nc6 6. Nbd2 Bd6 7. 0-0 0-0 8. Re1 Qc7 9. dxc5 Bxc5 10. e4 Ng4 11. Rf1 Nge5 12. Bc2 Rd8 13. Qe2 d4 14. Nxe5 Nxe5 15. cxd4 Bxd4 16. Nb3 Bb6 17. Bf4 Qc4 18. Rfe1 Qxe2 19. Rxe2 Nc4 20. Bd1 e5 21. Rc2 Be6 22. Bg3 f6 23. Be2 Nd6 24. Nd2 a5 25. Kf1 a4 26. a3 Ba5 27. Rd1 Kf7 28. f3 Bxd2 29. Rcxd2 Ke7 30. Bf2 Rac8 31. Bb6 Rd7 1/2-1/2